Findout Earth (Record no. 11597)

MARC details
000 -LEADER
fixed length control field 00247nam a22000977a 4500
008 - FIXED-LENGTH DATA ELEMENTS--GENERAL INFORMATION
fixed length control field 190805b ||||| |||| 00| 0 eng d
020 ## - INTERNATIONAL STANDARD BOOK NUMBER
International Standard Book Number 9780241365700
100 ## - MAIN ENTRY--PERSONAL NAME
Personal name Draper
9 (RLIN) 7306
245 ## - TITLE STATEMENT
Title Findout Earth
260 ## - PUBLICATION, DISTRIBUTION, ETC. (IMPRINT)
Place of publication, distribution, etc. India
Name of publisher, distributor, etc. Penguin Random House
Date of publication, distribution, etc. 2018
Holdings
Withdrawn status Lost status Source of classification or shelving scheme Damaged status Koha normalized classification for sorting Not for loan Home library Current library Shelving location Date acquired Total Checkouts Full call number Barcode Date last seen Price effective from Koha item type
    Dewey Decimal Classification   500_000000000000000   Good Samaritan School Library Good Samaritan School Library Science 08/05/2019   500 DRA15511 08/05/2019 08/05/2019 BOOK
    Dewey Decimal Classification   500_000000000000000   Good Samaritan School Library Good Samaritan School Library Science 08/05/2019   500 DRA15512 08/05/2019 08/05/2019 BOOK
    Dewey Decimal Classification   500_000000000000000   Good Samaritan School Library Good Samaritan School Library Science 08/05/2019   500 DRA15513 08/05/2019 08/05/2019 BOOK
    Dewey Decimal Classification   500_000000000000000   Good Samaritan School Library Good Samaritan School Library Science 08/05/2019   500 DRA15514 08/05/2019 08/05/2019 BOOK
    Dewey Decimal Classification   500_000000000000000   Good Samaritan School Library Good Samaritan School Library Science 08/05/2019   500 DRA15515 08/05/2019 08/05/2019 BOOK
    Dewey Decimal Classification   500_000000000000000   Good Samaritan School Library Good Samaritan School Library Science 08/05/2019   500 DRA15516 08/05/2019 08/05/2019 BOOK
    Dewey Decimal Classification   500_000000000000000   Good Samaritan School Library Good Samaritan School Library Science 08/05/2019   500 DRA15517 08/05/2019 08/05/2019 BOOK

Powered by Koha